कव्यप्रीत: (Record no. 202999)

MARC details
000 -LEADER
fixed length control field 00965nam a22002057a 4500
005 - DATE AND TIME OF LATEST TRANSACTION
control field 20240530112754.0
010 ## - LCCN (DPL NO)
LC control number HIN-127653
020 ## - INTERNATIONAL STANDARD BOOK NUMBER
International Standard Book Number 9788195751051
Terms of availability 169.00
020 ## - INTERNATIONAL STANDARD BOOK NUMBER
International Standard Book Number 8195751059
Terms of availability 169.00
035 ## - SYSTEM CONTROL NUMBER
System control number HN-99999
037 ## - SOURCE OF ACQUISITION
Source of stock number/acquisition DBAD
082 ## - DEWEY DECIMAL CLASSIFICATION NUMBER
Classification number 821
100 ## - MAIN ENTRY--PERSONAL NAME
Personal name द्विवेदी, प्रीति
245 ## - TITLE STATEMENT
Title कव्यप्रीत:
Remainder of title नारी मन से/
Statement of responsibility, etc प्रीति द्विवेदी 'प्रीत'
260 ## - PUBLICATION, DISTRIBUTION, ETC. (IMPRINT)
Place of publication, distribution, etc नई दिल्ली
Name of publisher, distributor, etc फलोरेंट पब्लिकेशन,
Date of publication, distribution, etc 2022
270 ## - ADDRESS
Address 8, 2, स्ट्रीट नं.- 1, आर्य नगर, दयानंद विहार, वेस्ट विनोद नगर
City नई दिल्ली
Postal code 110092
Electronic mail address info.florentpub@gmail.com
300 ## - PHYSICAL DESCRIPTION
Extent 99पृ.
Dimensions 22 सेमी.(अजिल्द)
650 ## - SUBJECT ADDED ENTRY--TOPICAL TERM
Topical term or geographic name as entry element हिन्दी
942 ## - ADDED ENTRY ELEMENTS (KOHA)
Source of classification or shelving scheme Dewey Decimal Classification
Item type Hindi Books
Classification part 821
Call number suffix द्विवेदी
Holdings
Withdrawn status Lost status Not for loan Collection code Home library Current library Date acquired Source of acquisition Cost, normal purchase price Full call number Barcode Copy number Cost, replacement price Koha item type
      Non-fiction Ashok Vihar Ashok Vihar 20/05/2024 DBAD 169.00 821 द्विवेदी HN-99999 1 169.00 Hindi Books

© Delhi Public Library
Hit Counter
free hit counter